Library Logo

Pioneer International University Library Catalogue

Current diagnosis 3 (Record no. 1795)

MARC details
000 -LEADER
fixed length control field 00282nam a22000977a 4500
005 - DATE AND TIME OF LATEST TRANSACTION
control field 20250901165311.0
008 - FIXED-LENGTH DATA ELEMENTS--GENERAL INFORMATION
fixed length control field 210308b ||||| |||| 00| 0 eng d
050 ## - LIBRARY OF CONGRESS CALL NUMBER
Classification number RC71.3
245 ## - TITLE STATEMENT
Title Current diagnosis 3
Statement of responsibility, etc. CONN, HOWARD F.
942 ## - ADDED ENTRY ELEMENTS (KOHA)
Source of classification or shelving scheme Dewey Decimal Classification
Classification part RC71.3 .C66 1971
Holdings
Withdrawn status Lost status Source of classification or shelving scheme Damaged status Not for loan Home library Current library Shelving location Date acquired Total checkouts Full call number Barcode Date last seen Price effective from Koha item type
    Library of Congress Classification     Main Library Main Library   03/08/2021   RC71.3 .C66 1971 PIU0010789 03/08/2021 03/08/2021 Books